| 000 | 00477nam a2200181Ia 4500 | ||
|---|---|---|---|
| 005 | 20260429111911.0 | ||
| 008 | 260429s9999||||xx |||||||||||||| ||und|| | ||
| 020 | _a9788119283200 | ||
| 041 | _aEnglish | ||
| 082 |
_a530 _bPAN |
||
| 100 | _aPankaj, Agnihotri | ||
| 245 | 0 |
_aElementary physics / _cAgnihotri Pankaj |
|
| 260 |
_aNew Delhi : _bBio-Green Books, _c2024. |
||
| 300 | _aviii, 261 p.; hb | ||
| 650 | _aElementary physics | ||
| 700 | _a Singh, Virat | ||
| 942 | _cTB | ||
| 999 |
_c51340 _d51340 |
||